[Event "POL-chT2"]
[Site "Polanica Zdroj"]
[Date "1999.??.??"]
[Round "8"]
[White "Mikhaletz, Lubomir"]
[Black "Cyborowski, Lukasz"]
[Result "1/2-1/2"]
[WhiteElo "2485"]
[BlackElo "2415"]
[PlyCount "40"]
[EventDate "1999.??.??"]
[Source "www.chesslib.no"]
[SourceDate "2004.05.04"]

1. e4 c5 2. Nf3 d6 3. d4 cxd4 4. Nxd4 Nf6 5. Nc3 a6 6. h3 g6 7. g4 Bg7 8. g5 Nh5 9. Be2 e5 10. Nf5 gxf5 11. Bxh5 f4 12. Nd5 Nc6 13. c3 O-O 14. h4 Ne7 15. Nxe7+ Qxe7 16. Bg4 f6 17. Rg1 fxg5 18. hxg5 Bxg4 19. Qxg4 Qf7 20. Bd2 Rad8 1/2-1/2

[Event "BL2-W 9091"]
[Site "GER"]
[Date "1991.??.??"]
[Round "?"]
[White "Schoenthier, Frank"]
[Black "King, Daniel J"]
[Result "1/2-1/2"]
[WhiteElo "2340"]
[BlackElo "2545"]
[PlyCount "39"]
[EventDate "1990.10.??"]
[Source "www.chesslib.no"]
[SourceDate "2004.05.04"]

1. e4 c5 2. Nf3 d6 3. d4 cxd4 4. Nxd4 Nf6 5. Nc3 a6 6. h3 Nc6 7. g4 h6 8. Bg2 Bd7 9. O-O e6 10. f4 Be7 11. Be3 Nh7 12. Nxc6 Bxc6 13. a4 O-O 14. a5 f5 15. exf5 exf5 16. Nd5 Kh8 17. Bd4 fxg4 18. hxg4 Nf6 19. Bxf6 Bxf6 20. c3 1/2-1/2

[Event "UZB Ch"]
[Site "Uzbekistan"]
[Date "1993.??.??"]
[Round "8"]
[White "Saltaev, Mihail"]
[Black "Kayumov, Dmitry D"]
[Result "1/2-1/2"]
[WhiteElo "2470"]
[BlackElo "2410"]
[PlyCount "57"]
[EventDate "1993.??.??"]
[Source "www.chesslib.no"]
[SourceDate "2004.05.04"]

1. e4 c5 2. Nf3 d6 3. d4 cxd4 4. Nxd4 Nf6 5. Nc3 a6 6. h3 e6 7. Be3 b5 8. Bd3 Bb7 9. a3 Nbd7 10. f4 Rc8 11. O-O Rxc3 12. bxc3 Nxe4 13. Qe1 Be7 14. c4 bxc4 15. Bxc4 Ndc5 16. Rb1 Qa8 17. f5 e5 18. Nb3 d5 19. Bxc5 Nxc5 20. Qxe5 Nd7 21. Qxg7 Bf6 22. Rfe1+ Kd8 23. Qxf7 Rf8 24. Qe6 dxc4 25. Rbd1 Qa7+ 26. Re3 Bd5 27. Rxd5 cxb3 28. cxb3 Bd4 29. Kf2 1/2-1/2

[Event "Wch U20"]
[Site "Yerevan"]
[Date "1999.09.22"]
[Round "5"]
[White "Perelshteyn, Eugene"]
[Black "Vajda, Levente"]
[Result "1-0"]
[WhiteElo "2416"]
[BlackElo "2462"]
[PlyCount "75"]
[EventDate "1999.09.18"]
[Source "ChessBase"]
[SourceDate "1999.11.18"]

1. e4 c5 2. Nf3 d6 3. d4 cxd4 4. Nxd4 Nf6 5. Nc3 a6 6. h3 e5 7. Nde2 Nbd7 8. g4 Nb6 9. Bg2 Be6 10. Nd5 h5 11. Nxb6 Qxb6 12. g5 Nd7 13. O-O Be7 14. Nc3 f6 15. h4 fxg5 16. hxg5 Qd8 17. Nd5 Nb6 18. Nxe7 Qxe7 19. f4 O-O-O 20. f5 Bc4 21. Rf2 d5 22. b3 dxe4 23. Qe1 Bd5 24. Be3 Nd7 25. c4 Bc6 26. b4 b6 27. a4 Bb7 28. a5 h4 29. Kh2 Rh5 30. axb6 Rxg5 31. Bxg5 Qxg5 32. Bxe4 Nf6 33. Bxb7+ Kxb7 34. Kh1 Qg3 35. Rg2 Qh3+ 36. Kg1 Qxf5 37. b5 h3 38. Qa5 1-0

[Event "Buenos Aires CA"]
[Site "Buenos Aires"]
[Date "1973.??.??"]
[Round "10"]
[White "Rossetto, Hector"]
[Black "Rubinetti, Jorge Alberto"]
[Result "1-0"]
[WhiteElo "2465"]
[BlackElo "2410"]
[PlyCount "181"]
[EventDate "1973.??.??"]
[Source "ChessBase"]

1. e4 c5 2. Nf3 d6 3. d4 cxd4 4. Nxd4 Nf6 5. Nc3 a6 6. h3 Nc6 7. g4 e6 8. Bg2 Qc7 9. O-O Be7 10. Nce2 O-O 11. Be3 d5 12. exd5 Nxd5 13. Nxc6 bxc6 14. Bd2 Rd8 15. Qc1 Bb7 16. Nf4 c5 17. Nxd5 Bxd5 18. Bc3 Bxg2 19. Kxg2 Qc6+ 20. Kg1 Rd5 21. Qe3 c4 22. Rad1 Rad8 23. Rxd5 Rxd5 24. Qe4 h5 25. Kg2 Qc5 26. Re1 hxg4 27. hxg4 Bh4 28. Re2 a5 29. Qf3 Bg5 30. Re4 Bd2 31. Qe2 Bxc3 32. Rxc4 Qb6 33. Rc8+ Rd8 34. Rxd8+ Qxd8 35. bxc3 Qd5+ 36. Qf3 Qxa2 37. Qa8+ Kh7 38. Qe4+ g6 39. c4 a4 40. c5 Qd5 41. Qxd5 exd5 42. c6 a3 43. c7 a2 44. c8=Q a1=Q 45. Qd7 Kg7 46. Qxd5 Qc3 47. Qd3 Qc6+ 48. f3 g5 49. c4 f6 50. Qd5 Qa4 51. Kf2 Qb3 52. Ke2 Qc3 53. Qd7+ Kh6 54. Qd3 Qc1 55. Qd4 Qc2+ 56. Ke3 Qc1+ 57. Kf2 Qc2+ 58. Kg3 Kg7 59. c5 Qc1 60. Kf2 Qc2+ 61. Ke3 Qc1+ 62. Kd3 Qd1+ 63. Kc4 Qa4+ 64. Kd5 Qd7+ 65. Ke4 Qe6+ 66. Kd3 Qb3+ 67. Qc3 Qd5+ 68. Kc2 Qc6 69. Qd4 Kh6 70. Qc4 Kg7 71. Kd2 Qxf3 72. c6 Qg2+ 73. Kc3 Qg3+ 74. Qd3 Qe5+ 75. Kc4 Kh6 76. Qd7 Qe2+ 77. Kc5 Qe3+ 78. Qd4 Qa3+ 79. Kb6 Qb3+ 80. Ka6 Qf7 81. Kb6 Qb3+ 82. Kc7 Kg6 83. Kc8 Qg8+ 84. Qd8 Qe6+ 85. Qd7 Qg8+ 86. Kc7 Qa2 87. Kd8 Qa8+ 88. Ke7 Qa3+ 89. Qd6 Qe3+ 90. Kf8 Qb3 91. Qe7 1-0

[Event "WYb18"]
[Site "Kemer TUR"]
[Date "2007.11.22"]
[Round "6"]
[White "Nakhapetiane, P."]
[Black "Spoelman, W."]
[Result "1-0"]
[WhiteElo "2427"]
[BlackElo "2445"]
[PlyCount "57"]
[EventDate "2007.11.18"]
[Source "www.chesslib.no"]
[SourceDate "2004.05.04"]

1. e4 c5 2. Nf3 d6 3. d4 cxd4 4. Nxd4 Nf6 5. Nc3 a6 6. h3 Nc6 7. g4 h6 8. Bg2 e6 9. f4 Be7 10. Be3 Qc7 11. Qd2 Na5 12. b3 Bd7 13. O-O-O Rc8 14. Kb2 Nc6 15. Bf3 Nxd4 16. Bxd4 e5 17. Be3 exf4 18. Bxf4 O-O 19. g5 hxg5 20. Bxg5 Be6 21. h4 Nh7 22. Rdg1 Nxg5 23. hxg5 d5 24. Rh4 Bb4 25. Nxd5 Bxd5 26. Qxb4 Qxc2+ 27. Ka3 a5 28. Qb5 Rc4 29. Rgh1 1-0

[Event "05.OIBayEM Bad Wiessee op"]
[Site "?"]
[Date "2001.10.30"]
[Round "4"]
[White "Baklan Vladimir"]
[Black "Taeger Winfried"]
[Result "1-0"]
[WhiteElo "2590"]
[BlackElo "2281"]
[PlyCount "91"]
[EventDate "2001.??.??"]
[Source "www.chesslib.no"]
[SourceDate "2004.05.04"]

1. e4 c5 2. Nf3 d6 3. d4 cxd4 4. Nxd4 Nf6 5. Nc3 a6 6. h3 g6 7. Be2 Bg7 8. O-O O-O 9. Nb3 Nc6 10. Re1 b5 11. Bf1 Bb7 12. Bg5 h6 13. Bh4 Rc8 14. Rb1 e6 15. a4 b4 16. Na2 Qc7 17. c3 bxc3 18. Nxc3 Qb6 19. Nd2 Ne5 20. Bg3 Qd4 21. Bf4 Qb4 22. Qb3 Qxb3 23. Nxb3 Nh5 24. Bh2 f5 25. Na5 Bxe4 26. Nxe4 fxe4 27. Rxe4 Nf6 28. Ree1 Nd5 29. Nb7 Rc6 30. Nxd6 Rxd6 31. Bxe5 Bxe5 32. Rxe5 Rf4 33. b3 Kf7 34. Rd1 Kf6 35. Ree1 Rb4 36. Bc4 Rc6 37. Rd3 Nb6 38. Rf3+ Ke7 39. Bf1 Nd7 40. a5 Nc5 41. Rc1 Kd6 42. Rf6 Rxb3 43. Rxg6 Ra3 44. Rxh6 Rxa5 45. h4 Ra2 46. h5 1-0

[Event "Skanska Open"]
[Site "Pardubice"]
[Date "2004.07.23"]
[Round "1"]
[White "Pletnev, E."]
[Black "Korobov, Anton"]
[Result "0-1"]
[WhiteElo "2301"]
[BlackElo "2565"]
[PlyCount "44"]
[EventDate "2004.07.23"]
[Source "Roberto Alvarez"]
[SourceDate "2004.08.10"]

1. e4 c5 2. Nf3 d6 3. d4 cxd4 4. Nxd4 Nf6 5. Nc3 a6 6. h3 g6 7. Be3 Bg7 8. Qd2 O-O 9. O-O-O b5 10. f3 Bb7 11. g4 Nbd7 12. Bh6 Bxh6 13. Qxh6 e5 14. Nde2 b4 15. Nb1 Rc8 16. Ng3 Qa5 17. b3 Qxa2 18. Bc4 d5 19. g5 Ne8 20. exd5 Rxc4 21. bxc4 Nd6 22. Rd3 Nc5 0-1

[Event "Cappelle op"]
[Site "Cappelle la Grande"]
[Date "1998.??.??"]
[Round "7"]
[White "Blehm, Pawel"]
[Black "Thorhallsson, Throstur"]
[Result "1-0"]
[WhiteElo "2380"]
[BlackElo "2480"]
[PlyCount "69"]
[EventDate "1998.02.21"]
[Source "ChessBase"]
[SourceDate "1998.04.29"]

1. e4 c5 2. Nf3 d6 3. d4 cxd4 4. Nxd4 Nf6 5. Nc3 a6 6. h3 b5 7. g4 Bb7 8. Bg2 e6 9. a3 Qc7 10. O-O Nc6 11. Nde2 Be7 12. f4 Qb6+ 13. Kh2 h6 14. Ng3 g6 15. Qe2 h5 16. Be3 Qc7 17. g5 Nd7 18. Qf2 Na5 19. Rad1 Nc4 20. Bc1 Rf8 21. Qd4 O-O-O 22. b3 Ncb6 23. a4 e5 24. fxe5 dxe5 25. Qe3 Bc5 26. Qf3 bxa4 27. bxa4 f5 28. a5 h4 29. Nge2 Nc4 30. Nd5 Bxd5 31. Rxd5 fxe4 32. Qxe4 Rxf1 33. Bxf1 Nf8 34. Qxc4 Bg1+ 35. Nxg1 1-0

[Event "XXVII Conca della Presolana"]
[Site "Castione ITA"]
[Date "2007.08.24"]
[Round "2"]
[White "Sax, Gyula"]
[Black "Tatai, Stefano"]
[Result "1/2-1/2"]
[WhiteElo "2522"]
[BlackElo "2334"]
[PlyCount "76"]
[EventDate "2007.08.23"]
[Source "www.chesslib.no"]
[SourceDate "2004.05.04"]

1. e4 c5 2. Nf3 d6 3. d4 Nf6 4. Nc3 cxd4 5. Nxd4 a6 6. h3 e5 7. Nde2 h5 8. g3 Nbd7 9. Bg2 b5 10. a4 b4 11. Nd5 Nxd5 12. exd5 a5 13. O-O Ba6 14. Re1 Be7 15. Bd2 h4 16. g4 O-O 17. c3 Rb8 18. cxb4 axb4 19. Nc1 Bg5 20. Nb3 Bxd2 21. Qxd2 Bc4 22. Nc1 Nc5 23. Be4 Ba6 24. Bc2 Re8 25. Nb3 Nd7 26. Bd3 Bxd3 27. Qxd3 Qg5 28. a5 Nf6 29. Nd2 Nh5 30. Nf3 Nf4 31. Qe4 Qd8 32. Kh2 Rb5 33. a6 Qb6 34. Qe3 Ra8 35. Qxb6 Rxb6 36. Nxh4 Rbxa6 37. Rxa6 Rxa6 38. Nf5 g6 1/2-1/2

[Event "Corr"]
[Site "?"]
[Date "2001.09.01"]
[Round "?"]
[White "Soderberg Kai"]
[Black "Rodriguez Keith A.(USA)"]
[Result "0-1"]
[WhiteElo "2462"]
[BlackElo "2388"]
[PlyCount "70"]
[EventDate "2001.??.??"]
[Source "www.chesslib.no"]
[SourceDate "2004.05.04"]

1. e4 c5 2. Nf3 d6 3. d4 cxd4 4. Nxd4 Nf6 5. Nc3 a6 6. h3 g6 7. g4 Bg7 8. Bg2 O-O 9. Be3 Nc6 10. Qd2 Ne5 11. Qe2 Qc7 12. g5 Nh5 13. Nd5 Qa5+ 14. Bd2 Qd8 15. O-O-O e6 16. Nf4 Nxf4 17. Bxf4 Bd7 18. Kb1 Rc8 19. Bc1 Qb6 20. b3 a5 21. Bb2 a4 22. f4 Nc4 23. bxc4 a3 24. Nb3 Bxb2 25. e5 Qb4 26. Rxd6 Ba4 27. Qe3 Qxc4 28. Be4 Bc6 29. Bd3 Qc3 30. Rd1 Ra8 31. Qc5 Ra4 32. Qxc3 Bxc3 33. Rf1 Rc8 34. Kc1 Bg2 35. Rf2 Bxh3 0-1

[Event "otb"]
[Site "otb"]
[Date "2007.05.08"]
[Round "6"]
[White "Petrukhin Denis"]
[Black "Aliavdin Nikolai"]
[Result "1/2-1/2"]
[WhiteElo "2417"]
[BlackElo "2421"]
[PlyCount "35"]
[Source "www.chesslib.no"]
[SourceDate "2004.05.04"]

1. e4 c5 2. Nf3 d6 3. d4 cxd4 4. Nxd4 Nf6 5. Nc3 a6 6. h3 g6 7. Be3 Bg7 8. Bc4 Nbd7 9. O-O O-O 10. a4 Qc7 11. Qe2 b6 12. Nd5 Nxd5 13. exd5 Bb7 14. Rfd1 Rfc8 15. Bb3 Nc5 16. Bc4 Nd7 17. Bb3 Nc5 18. Bc4 1/2-1/2

[Event "Montenegro-ch 52nd"]
[Site "Tivat"]
[Date "2000.12.17"]
[Round "9"]
[White "Todorovic, Jovan"]
[Black "Narandzic, Vlado"]
[Result "1/2-1/2"]
[WhiteElo "2431"]
[BlackElo "2402"]
[PlyCount "25"]
[EventDate "2000.12.08"]
[Source "ChessBase"]
[SourceDate "2001.01.11"]

1. e4 c5 2. Nf3 d6 3. d4 cxd4 4. Nxd4 Nf6 5. Nc3 a6 6. h3 e5 7. Nde2 Be6 8. g4 h5 9. g5 Nh7 10. h4 g6 11. Be3 Nd7 12. Qd2 Rc8 13. f4 1/2-1/2

[Event "St Petersburg-B"]
[Site "St Petersburg"]
[Date "1997.??.??"]
[Round "4"]
[White "Kiik, Kalle"]
[Black "Savon, Vladimir A"]
[Result "1/2-1/2"]
[WhiteElo "2380"]
[BlackElo "2445"]
[PlyCount "83"]
[EventDate "1997.??.??"]
[Source "www.chesslib.no"]
[SourceDate "2004.05.04"]

1. e4 c5 2. Nf3 d6 3. d4 cxd4 4. Nxd4 Nf6 5. Nc3 a6 6. h3 g6 7. g4 Bg7 8. Bg2 h5 9. g5 Nfd7 10. Nde2 Nc6 11. O-O Rb8 12. f4 b5 13. Kh1 Nb6 14. e5 Bb7 15. exd6 exd6 16. Ne4 d5 17. Nc5 Bc8 18. f5 Bxf5 19. Bf4 O-O 20. Bxb8 Qxb8 21. c3 a5 22. Nf4 Qd6 23. Nb3 a4 24. Nd4 Nxd4 25. cxd4 Be4 26. b3 Re8 27. Rc1 axb3 28. axb3 Nd7 29. Qd2 Bxg2+ 30. Qxg2 Re4 31. Rc8+ Nf8 32. Qf3 Qd7 33. Rb8 Rxf4 34. Qxf4 Qxh3+ 35. Kg1 Bxd4+ 36. Rf2 Bxf2+ 37. Kxf2 Qxb3 38. Qd6 Qc2+ 39. Ke1 Qc3+ 40. Ke2 Qc2+ 41. Ke1 Qc3+ 42. Ke2 1/2-1/2

[Event "Eupen Open"]
[Site "Eupen BEL"]
[Date "1996.??.??"]
[Round "?"]
[White "Kupreichik, Viktor D"]
[Black "Ostojic, Predrag"]
[Result "1-0"]
[WhiteElo "2485"]
[BlackElo "2320"]
[PlyCount "85"]
[EventDate "1996.??.??"]
[Source "www.chesslib.no"]
[SourceDate "2004.05.04"]

1. e4 c5 2. Nf3 d6 3. Nc3 Nf6 4. d4 cxd4 5. Nxd4 a6 6. h3 e5 7. Nde2 h6 8. g4 Nbd7 9. Ng3 g6 10. Bc4 b5 11. Bb3 Bb7 12. a4 Nc5 13. axb5 Nxb3 14. cxb3 axb5 15. Rxa8 Bxa8 16. Qd3 Bc6 17. O-O Be7 18. Nxb5 Qb8 19. Na3 h5 20. g5 Nd7 21. Qc3 Qa8 22. f3 O-O 23. Nc4 d5 24. Nxe5 Nxe5 25. Qxe5 Bc5+ 26. Kg2 h4 27. exd5 Bxd5 28. Ne4 Bxe4 29. fxe4 Qb8 30. Qxb8 Rxb8 31. Rf3 Bd4 32. Rd3 Be5 33. Kf3 Rb7 34. Bd2 Bxb2 35. b4 Be5 36. Rd5 f6 37. b5 Kf7 38. Bf4 Bb2 39. Rc5 Bd4 40. Rc7+ Rxc7 41. Bxc7 Ke6 42. Kg4 Kd7 43. b6 1-0

[Event "FSIM November, Budapest HUN"]
[Site "?"]
[Date "2001.??.??"]
[Round "12"]
[White "Hajnal, Z."]
[Black "Tian Tian"]
[Result "1-0"]
[WhiteElo "2435"]
[BlackElo "2355"]
[PlyCount "89"]
[EventDate "2001.??.??"]
[Source "www.chesslib.no"]
[SourceDate "2004.05.04"]

1. e4 c5 2. Nf3 d6 3. d4 cxd4 4. Nxd4 Nf6 5. Nc3 a6 6. h3 e5 7. Nde2 Be7 8. g4 h6 9. Bg2 Nc6 10. O-O O-O 11. Be3 b5 12. Ng3 Be6 13. Nf5 Bxf5 14. exf5 Rc8 15. f4 exf4 16. Rxf4 Ne5 17. a4 Nc4 18. Bc1 b4 19. Nd5 a5 20. Qe2 Nxd5 21. Bxd5 Nb6 22. Bb3 Bf6 23. Rf1 Re8 24. Qd3 Qe7 25. Rb1 d5 26. Bf4 Qc5+ 27. Kh1 Re4 28. Qg3 Qe7 29. Rg1 Re2 30. Qf3 Re8 31. Rg2 Re1+ 32. Rxe1 Qxe1+ 33. Rg1 Qe2 34. Qxe2 Rxe2 35. Rd1 Bxb2 36. Bc7 Nc4 37. Rxd5 Re7 38. Bg3 Ne3 39. Rxa5 h5 40. g5 Nf1 41. Bf4 g6 42. fxg6 Re1 43. gxf7+ Kg7 44. Kg2 Re4 45. Rf5 1-0

[Event "Bari Open"]
[Site "Bari ITA"]
[Date "1971.??.??"]
[Round "?"]
[White "Mariotti, Sergio"]
[Black "Martinovic, Slobodan"]
[Result "1-0"]
[WhiteElo "2450"]
[BlackElo "2340"]
[PlyCount "55"]
[EventDate "1971.??.??"]
[Source "www.chesslib.no"]
[SourceDate "2004.05.04"]

1. e4 c5 2. Nf3 d6 3. d4 cxd4 4. Nxd4 Nf6 5. Nc3 a6 6. h3 g6 7. g4 Bg7 8. Bg2 O-O 9. Be3 e5 10. Nde2 Nc6 11. Qd2 Be6 12. O-O-O Qa5 13. Qxd6 Nd7 14. Kb1 Rfc8 15. Qd2 b5 16. Nd5 b4 17. Bh6 Qc5 18. Bxg7 Kxg7 19. c3 Qf8 20. h4 Bxg4 21. f3 Be6 22. h5 Kg8 23. Bh3 Qg7 24. hxg6 hxg6 25. Rdg1 Rab8 26. Ng3 Nf6 27. Nxf6+ Qxf6 28. Nh5 1-0

[Event "otb"]
[Site "otb"]
[Date "2007.04.07"]
[Round "8"]
[White "Llaneza Vega Marcos"]
[Black "Cabrera Trujillo Jorge Juan"]
[Result "1-0"]
[WhiteElo "2455"]
[BlackElo "2334"]
[PlyCount "75"]
[Source "www.chesslib.no"]
[SourceDate "2004.05.04"]

1. e4 c5 2. Nf3 d6 3. d4 cxd4 4. Nxd4 Nf6 5. Nc3 a6 6. h3 e5 7. Nde2 Be7 8. g4 Be6 9. Bg2 g6 10. Bh6 Nbd7 11. Qd2 b5 12. O-O Qc7 13. Rad1 Rc8 14. a3 Nb6 15. Kh1 Bc4 16. f4 Rg8 17. Rf3 a5 18. fxe5 dxe5 19. Bg5 Rd8 20. Qe1 Rxd1 21. Qxd1 Nfd7 22. Bxe7 Kxe7 23. b3 Bxe2 24. Qxe2 b4 25. axb4 axb4 26. Na2 Qd6 27. Rd3 Qc5 28. Qd2 Ra8 29. Nxb4 Ra1+ 30. Kh2 Qg1+ 31. Kg3 Nc5 32. Re3 Ne6 33. Nd5+ Nxd5 34. exd5 Rd1 35. Qb4+ Kf6 36. Rf3+ Nf4 37. Qd6+ Kg7 38. Qxe5+ 1-0

[Event "PanAm Junior, Yucay PER"]
[Site "?"]
[Date "2001.??.??"]
[Round "9"]
[White "Schneider, D."]
[Black "Alvarez, Joh"]
[Result "0-1"]
[WhiteElo "2405"]
[BlackElo "2380"]
[PlyCount "58"]
[EventDate "2001.??.??"]
[Source "www.chesslib.no"]
[SourceDate "2004.05.04"]

1. e4 c5 2. Nf3 d6 3. d4 cxd4 4. Nxd4 Nf6 5. Nc3 a6 6. h3 Nc6 7. g4 g6 8. g5 Nd7 9. Be3 Bg7 10. Qd2 Nb6 11. Nd5 Na4 12. O-O-O O-O 13. f4 Be6 14. Bg2 Rc8 15. Kb1 Bxd5 16. exd5 Na5 17. Bf1 Qc7 18. c3 Nc4 19. Bxc4 Qxc4 20. Qc2 Rc5 21. Qb3 Rfc8 22. Qxc4 Rxc4 23. Nc2 Nxb2 24. Kxb2 Rxc3 25. Bd4 Rxc2+ 26. Kb3 Bxd4 27. Rxd4 R8c3+ 28. Kb4 Re3 29. Ka5 Rb2 0-1

[Event "It"]
[Site "?"]
[Date "2004.03.24"]
[Round "10"]
[White "Lopez Silva Hugo"]
[Black "Lafuente Pablo"]
[Result "1/2-1/2"]
[WhiteElo "2353"]
[BlackElo "2424"]
[PlyCount "30"]
[EventDate "2004.??.??"]
[Source "www.chesslib.no"]
[SourceDate "2004.05.04"]

1. e4 c5 2. Nf3 d6 3. d4 cxd4 4. Nxd4 Nf6 5. Nc3 a6 6. h3 e5 7. Nde2 Be7 8. g4 Be6 9. Bg2 Nfd7 10. Be3 Nb6 11. b3 N8d7 12. Qd2 Rc8 13. Nd5 Bxd5 14. exd5 Qc7 15. c4 Nc5 1/2-1/2

[Event "RUS-ch sf"]
[Site "Arkhangelsk"]
[Date "1996.??.??"]
[Round "?"]
[White "Chigvintsev, Andrei"]
[Black "Loskutov, Oleg"]
[Result "1/2-1/2"]
[WhiteElo "2330"]
[BlackElo "2440"]
[PlyCount "80"]
[EventDate "1996.??.??"]
[Source "www.chesslib.no"]
[SourceDate "2004.05.04"]

1. e4 c5 2. Nf3 d6 3. d4 cxd4 4. Nxd4 Nf6 5. Nc3 a6 6. h3 g6 7. g4 Bg7 8. g5 Nh5 9. Be2 e5 10. Nf5 gxf5 11. Bxh5 Nc6 12. Nd5 fxe4 13. c3 Be6 14. Bg4 O-O 15. Rg1 Kh8 16. Bxe6 fxe6 17. Qh5 Rf5 18. Ne3 Qe8 19. Qh4 Qg6 20. Nxf5 exf5 21. Be3 d5 22. Bc5 b6 23. Ba3 d4 24. Rd1 f4 25. Qg4 e3 26. fxe3 Qe4 27. Rg2 dxc3 28. bxc3 Qxe3+ 29. Kf1 e4 30. Re2 Ne5 31. Rxe3 Nxg4 32. Rxe4 Ne3+ 33. Rxe3 fxe3 34. Rd3 Re8 35. Ke2 Kg8 36. Bc1 b5 37. Bxe3 Re4 38. a3 Bf8 39. Rd8 Kf7 40. Kf3 Rh4 1/2-1/2

[Event "EU-ch Seniors"]
[Site "Saint-Vincent"]
[Date "2003.09.24"]
[Round "8"]
[White "Gruzmann, Boris"]
[Black "Petkevich, Jusefs"]
[Result "0-1"]
[WhiteElo "2316"]
[BlackElo "2442"]
[PlyCount "98"]
[EventDate "2003.09.17"]
[Source "Roberto Alvarez"]
[SourceDate "2003.09.29"]

1. e4 c5 2. Nf3 d6 3. d4 cxd4 4. Nxd4 Nf6 5. Nc3 a6 6. h3 Nc6 7. g4 e6 8. Bg2 Be7 9. Be3 O-O 10. O-O Nxd4 11. Qxd4 Bd7 12. f4 Bc6 13. f5 Nd7 14. fxe6 fxe6 15. Qc4 Rxf1+ 16. Rxf1 Nf8 17. Bd4 Rc8 18. Qb3 b5 19. Ne2 Bd7 20. Qf3 e5 21. Ba7 Be6 22. Nc3 Ng6 23. Rf2 Bh4 24. Rd2 Be1 25. Rd1 Bxc3 26. bxc3 Qc7 27. Bf2 Nf4 28. Bf1 Bxa2 29. Ra1 Bc4 30. Rxa6 Bxf1 31. Kxf1 b4 32. Ke1 bxc3 33. Be3 Rf8 34. Bxf4 exf4 35. Qd3 Qd8 36. Qc4+ Kh8 37. Qxc3 Qh4+ 38. Ke2 h6 39. Qf3 Qe7 40. Kf1 Rc8 41. Qd3 Rd8 42. Rc6 f3 43. c4 Ra8 44. Rxd6 Ra1+ 45. Kf2 Qh4+ 46. Kxf3 Ra3 47. Qxa3 Qxh3+ 48. Kf4 Qxa3 49. Rd5 Qc1+ 0-1

[Event "BL2-Nord 0102"]
[Site "?"]
[Date "2001.10.07"]
[Round "1.4"]
[White "Karolyi Tibor Jr"]
[Black "Breier Andreas"]
[Result "1/2-1/2"]
[WhiteElo "2415"]
[BlackElo "2335"]
[PlyCount "86"]
[EventDate "2001.??.??"]
[Source "www.chesslib.no"]
[SourceDate "2004.05.04"]

1. e4 c5 2. Nf3 d6 3. d4 cxd4 4. Nxd4 Nf6 5. Nc3 a6 6. h3 e5 7. Nde2 Be6 8. g4 d5 9. exd5 Nxd5 10. Bg2 Nxc3 11. Qxd8+ Kxd8 12. Nxc3 Nc6 13. Be3 Kc7 14. O-O-O Re8 15. Nd5+ Kb8 16. f4 f6 17. Rhe1 Nb4 18. fxe5 fxe5 19. Bb6 Nxd5 20. Bxd5 Bc8 21. Bf7 Re7 22. Rf1 g6 23. Bd8 Bh6+ 24. Kb1 Rd7 25. Bf6 Rf8 26. Bxe5+ Ka7 27. Rxd7 Bxd7 28. Bd4+ Ka8 29. Bc5 Rc8 30. Be7 Bb5 31. Re1 Bd2 32. Re4 Bd3 33. Rd4 Bxc2+ 34. Ka1 Be3 35. Rc4 Rxc4 36. Bxc4 Be4 37. Bg8 g5 38. a3 Kb8 39. h4 gxh4 40. Bxh4 Kc7 41. Bg3+ Kd7 42. Be5 Ke7 43. Bc4 Bf3 1/2-1/2

[Event "S&W Masters 8th op"]
[Site "Witley"]
[Date "1998.??.??"]
[Round "3"]
[White "Kulaots, Kaido"]
[Black "Bekker Jensen, Simon"]
[Result "1/2-1/2"]
[WhiteElo "2450"]
[BlackElo "2300"]
[PlyCount "73"]
[EventDate "1998.07.??"]
[Source "www.chesslib.no"]
[SourceDate "2004.05.04"]

1. e4 c5 2. Nf3 d6 3. d4 cxd4 4. Nxd4 Nf6 5. Nc3 a6 6. h3 g6 7. Bc4 Bg7 8. O-O O-O 9. Re1 Nbd7 10. Bg5 Qc7 11. Bb3 Nb6 12. Nf3 h6 13. Bh4 Nh5 14. Qd2 g5 15. Bxg5 hxg5 16. Qxg5 Nf6 17. e5 Nh7 18. Qh4 Be6 19. Bxe6 fxe6 20. Nd4 Qc4 21. Qg4 dxe5 22. Nxe6 Qxg4 23. hxg4 Rfc8 24. Nxg7 Kxg7 25. Rxe5 Rc7 26. Rae1 Re8 27. Re6 Nc8 28. R1e2 Rd8 29. Ne4 Nf6 30. g5 Nxe4 31. R6xe4 Rd1+ 32. Kh2 Rcd7 33. Kg3 Kf7 34. Rf4+ Kg7 35. Rfe4 Kf7 36. Rf4+ Kg7 37. Rfe4 1/2-1/2

[Event "FRA-ch Basse"]
[Site "Vichy"]
[Date "2000.08.25"]
[Round "10"]
[White "Fontaine, Robert"]
[Black "Guidarelli, Laurent"]
[Result "1-0"]
[WhiteElo "2449"]
[BlackElo "2297"]
[PlyCount "159"]
[EventDate "2000.08.15"]
[Source "ChessBase"]
[SourceDate "2000.11.21"]

1. e4 c5 2. Nf3 d6 3. d4 Nf6 4. Nc3 cxd4 5. Nxd4 a6 6. h3 e5 7. Nde2 Be6 8. g4 d5 9. exd5 Nxd5 10. Bg2 Nxc3 11. Qxd8+ Kxd8 12. Nxc3 Nc6 13. Be3 Kc7 14. O-O-O Bb4 15. Na4 b5 16. Bb6+ Kb7 17. Bc5 Ba5 18. Rd6 Rac8 19. b4 Bd8 20. Nc3 Re8 21. a4 bxa4 22. Nxa4 Be7 23. Rd3 Bxc5 24. bxc5 Ka7 25. Rd6 Nd4 26. Re1 Red8 27. Rb6 Bd5 28. Bf1 Bb7 29. Rxe5 Ne6 30. Rb4 Bf3 31. Rf5 Rd1+ 32. Kb2 Rxf1 33. Rxf7+ Rc7 34. Rxf3 Nxc5 35. Nxc5 Rxc5 36. Rf7+ Ka8 37. Re4 Rb5+ 38. Kc3 Rh1 39. Rxg7 Rxh3+ 40. Re3 Rxe3+ 41. fxe3 h5 42. gxh5 Rxh5 43. e4 Rh1 44. Kb4 Re1 45. Re7 Kb8 46. Kc5 a5 47. Kb6 Kc8 48. Rc7+ Kd8 49. Rc4 Ra1 50. Kb5 Ra2 51. c3 Ra3 52. Kc6 Ke7 53. Kd5 Ra1 54. Rc7+ Kd8 55. Ra7 a4 56. Kc4 Ke8 57. Ra5 Ke7 58. Kb4 Re1 59. Re5+ Kf6 60. Rf5+ Ke6 61. Rf4 Re3 62. Kc4 Ke5 63. Rf5+ Kxe4 64. Ra5 Rh3 65. Rxa4 Ke5 66. Ra6 Rh8 67. Kc5 Rc8+ 68. Rc6 Rb8 69. c4 Rb1 70. Rc7 Ke6 71. Kc6 Rb4 72. c5 Rc4 73. Rh7 Rc1 74. Kb6 Rb1+ 75. Kc7 Ra1 76. Rh2 Rc1 77. c6 Kd5 78. Rd2+ Ke6 79. Re2+ Kf7 80. Kd7 1-0

[Event "Spring Open"]
[Site "Budapest HUN"]
[Date "1991.??.??"]
[Round "7"]
[White "Galanov, Boris"]
[Black "Muhutdinov, Marat"]
[Result "0-1"]
[WhiteElo "2320"]
[BlackElo "2425"]
[PlyCount "64"]
[EventDate "1991.03.??"]
[Source "www.chesslib.no"]
[SourceDate "2004.05.04"]

1. e4 c5 2. Nf3 d6 3. d4 cxd4 4. Nxd4 Nf6 5. Nc3 a6 6. h3 b5 7. Nd5 Nxe4 8. Qf3 Nc5 9. Nf6+ gxf6 10. Qxa8 Bb7 11. Qa7 Qc7 12. Be3 e5 13. Bxb5+ Kd8 14. Bxa6 exd4 15. Bxd4 Nc6 16. Bxf6+ Be7 17. Qxc5 dxc5 18. O-O-O+ Ke8 19. Bxh8 Bxa6 20. Rhe1 f6 21. Re4 Kf7 22. Rg4 Bf8 23. f3 Bc8 24. Rh4 Bf5 25. Rc4 Ne5 26. Ra4 Ng6 27. g4 Bd7 28. Ra6 Nxh8 29. Kb1 Ng6 30. h4 Nxh4 31. Rh1 Nxf3 32. Rxh7+ Kg6 0-1

[Event "6th ch-PriFO Men"]
[Site "Kazan RUS"]
[Date "2008.01.29"]
[Round "7"]
[White "Rozkov, N."]
[Black "Gerasimov, I."]
[Result "1-0"]
[WhiteElo "2456"]
[BlackElo "2289"]
[PlyCount "108"]
[EventDate "2008.01.23"]
[Source "www.chesslib.no"]
[SourceDate "2004.05.04"]

1. e4 c5 2. Nf3 d6 3. d4 cxd4 4. Nxd4 Nf6 5. Nc3 a6 6. h3 e5 7. Nde2 Be6 8. g4 Be7 9. Bg2 O-O 10. Be3 Nbd7 11. Ng3 Nb6 12. O-O Nc4 13. Bc1 b5 14. a3 Ne8 15. b3 Nb6 16. Nf5 Bg5 17. Bb2 Rc8 18. Qd3 g6 19. Ne3 Bf4 20. Ne2 Bxe3 21. fxe3 Qg5 22. Rf3 Rc6 23. Raf1 Ng7 24. Nf4 exf4 25. exf4 Qc5+ 26. Bd4 Qxc2 27. Qxc2 Rxc2 28. Bxb6 f5 29. exf5 gxf5 30. Rg3 Kf7 31. Rd1 Rg8 32. g5 Rgc8 33. Rxd6 Ra2 34. Bc6 Nh5 35. Rf3 Rxa3 36. Bd4 Rxb3 37. Rxb3 Bxb3 38. Be5 Be6 39. Kf2 Ke7 40. Bf3 Rc2+ 41. Ke3 Ng3 42. Rxa6 Nf1+ 43. Kd3 Rd2+ 44. Kc3 Bc4 45. Kb4 Ne3 46. Rh6 Nc2+ 47. Kc5 Bg8 48. Bd6+ Ke8 49. Bc6+ Kf7 50. Bd5+ Rxd5+ 51. Kxd5 b4 52. Be5 b3 53. Rb6 Ne1 54. Rb8 Nd3 1-0